00905cam a22002657a 4500003000500000005001700005008004100022010001000063011001000073035001000083040000900093100002900102245019800131260003200329300003500361490004300396501003400439650001900473650002000492650001900512650001600531650002400547650002500571830004300596CHAP20220329141427.0971013s1984 r 00010 d a67974 a68946 a78420 cCHAP00aGil F., Sergio Lombardo. 0aEvaluación de épocas y frecuencias de aplicación de oxicloruro de cobre 50 C. M. y su persistencia activa en el área foliar para el combate de la roya del cafeto Hemileia vastatrix Berk aSan Salvador :bISIC,c1984 aPP. 17-38b: ilus. ; gráfsz. 0aBoletín técnicov; nueva serie; 11 aEnc. con otro impreso similar14aÁrea foliar.14aCaféxPlagas.14aDefoliación.14aFungicidas.14aHemileia vastatrix.14aOxicloruro de cobre.0 aBoletín técnicov; nueva serie; 11